[Event "Sparkassen-Open A"]
[Site "Heusenstamm, Martinsee"]
[Date "2025.11.23"]
[Round "6.81"]
[White "Feick, Claas Marten"]
[Black "Liu, Jonas"]
[Result "1-0"]
[WhiteElo "1904"]
[BlackElo "1836"]
[PlyCount "105"]
[EventDate "2025.11.20"]
[WhiteTeam "SF Neuberg"]
[BlackTeam "SV Oberursel"]

1. e4 c5 2. c3 Nf6 3. e5 Nd5 4. Nf3 Nc6 5. Bc4 Nb6 6. Bb3 c4 7. Bc2 d6 8. exd6 Qxd6 9. O-O Bg4 10. Re1 O-O-O 11. b3 Qf6 12. bxc4 Nxc4 13. Qe2 N4e5 14. Be4 Nxf3+ 15. gxf3 Bh3 16. Kh1 Bf5 17. d4 Rd6 18. Ba3 Rd7 19. Nd2 e5 20. Bxf8 Rxf8 21. Bxc6 Qxc6 22. Qxe5 Be6 23. c4 Rfd8 24. d5 Bxd5 25. cxd5 Rxd5 26. Qe4 f5 27. Qf4 Qd6 28. Rac1+ Kb8 29. Qxd6+ R5xd6 30. Nc4 Rc6 31. Ne5 Rxc1 32. Rxc1 a6 33. Kg2 Rd5 34. Nc4 Rc5 35. Rc2 g6 36. Ne3 Re5 37. f4 Re8 38. h4 b5 39. Rc6 Kb7 40. Rf6 Re7 41. Kf3 Ka7 42. Nd5 Rd7 43. Nb4 Kb7 44. Nxa6 Rd2 45. Nc5+ Kc7 46. Ra6 Rd1 47. Ra3 b4 48. Na6+ Kb6 49. Nxb4 Kb5 50. Nc2 Rd2 51. Ne3 Kb4 52. Ra7 h6 53. a3+ 1-0

[Event "Sparkassen-Open A"]
[Site "Heusenstamm, Martinsee"]
[Date "2025.11.23"]
[Round "6.82"]
[White "Marchese, Gaspare"]
[Black "Klein, Deniz"]
[Result "0-1"]
[WhiteElo "1844"]
[BlackElo "1913"]
[PlyCount "56"]
[EventDate "2025.11.20"]
[WhiteTeam "SC Matt im Park Ffm"]
[BlackTeam "SK Kaiserslautern 1905"]

1. e4 c5 2. Nc3 d6 3. f4 g6 4. Bc4 Bg7 5. Nf3 Nc6 6. O-O e6 7. d3 Nge7 8. Bb3 O-O 9. Qe1 Nd4 10. Qh4 Nxf3+ 11. Rxf3 Nc6 12. Qe1 Nd4 13. Rf1 b5 14. Ne2 a5 15. c3 Nxe2+ 16. Qxe2 a4 17. Bc2 b4 18. Bd2 a3 19. bxa3 Rxa3 20. Bb3 bxc3 21. Bc1 Ra8 22. Bc2 Bd7 23. Be3 Ra5 24. a4 Qa8 25. f5 exf5 26. exf5 Re8 27. f6 Bh6 28. Rf3 Bg4 0-1

[Event "Sparkassen-Open A"]
[Site "Heusenstamm, Martinsee"]
[Date "2025.11.23"]
[Round "6.83"]
[White "Schulze, Manfred"]
[Black "Peter, Laurenz"]
[Result "0-1"]
[WhiteElo "1844"]
[BlackElo "1896"]
[PlyCount "94"]
[EventDate "2025.11.20"]
[WhiteTeam "SC Steinbach"]
[BlackTeam "SPORTGEM Kaarst 1912/35"]

1. d4 Nf6 2. Nf3 e6 3. Bf4 b6 4. e3 Bb7 5. Nbd2 g6 6. Bd3 d5 7. Ne5 Bg7 8. Bg5 Qc8 9. f4 O-O 10. Qf3 c5 11. c3 Na6 12. Qh3 Re8 13. Ndf3 c4 14. Bc2 Ne4 15. Bh6 f6 16. Ng4 Qc7 17. Bxg7 Qxg7 18. Nh6+ Kh8 19. Ng4 Nc7 20. O-O b5 21. a3 a5 22. Nf2 Nd6 23. g4 Na6 24. Kh1 f5 25. Rg1 Ne4 26. Raf1 Bc8 27. Ne5 Kg8 28. gxf5 exf5 29. Rg2 Re6 30. Rfg1 Rf6 31. Qh4 Rb8 32. Nh3 b4 33. Ng5 Nxg5 34. Rxg5 Kf8 35. Qg3 Rbb6 36. h4 bxc3 37. bxc3 Nb8 38. Qg2 Rb2 39. Qxd5 Bb7 40. Be4 Bxd5 41. Bxd5 Nd7 42. Nxc4 Rb3 43. e4 fxe4 44. f5 Qh6 45. h5 Rxc3 46. R1g2 Rh3+ 47. Kg1 Rxh5 0-1

[Event "Sparkassen-Open A"]
[Site "Heusenstamm, Martinsee"]
[Date "2025.11.23"]
[Round "6.84"]
[White "Arne, Jonas"]
[Black "Diehl, Stefan"]
[Result "1-0"]
[WhiteElo "1896"]
[BlackElo "1832"]
[PlyCount "43"]
[EventDate "2025.11.20"]
[WhiteTeam "SK Kaiserslautern 1905"]
[BlackTeam "SC 1910 Höchst"]

1. e4 c6 2. d4 d5 3. e5 c5 4. dxc5 Nc6 5. Nf3 Qa5+ 6. c3 Bg4 7. b4 Qc7 8. Bf4 e6 9. Bb5 Nge7 10. Nbd2 h6 11. O-O g5 12. Bg3 Bg7 13. Qb3 a6 14. Ba4 O-O 15. Rfe1 b5 16. cxb6 Qxb6 17. Rac1 d4 18. a3 d3 19. c4 Rfd8 20. Re3 Nd4 21. Nxd4 Qxd4 22. Re4 1-0

[Event "Sparkassen-Open A"]
[Site "Heusenstamm, Martinsee"]
[Date "2025.11.23"]
[Round "6.85"]
[White "Praszczalek, Jakub"]
[Black "Werner, Tom"]
[Result "1/2-1/2"]
[WhiteElo "1738"]
[BlackElo "1895"]
[PlyCount "79"]
[EventDate "2025.11.20"]
[WhiteTeam "SK Köln-Südwest"]
[BlackTeam "VSG 1880 Offenbach"]

1. b3 d5 2. Bb2 Nf6 3. Nf3 Bf5 4. d3 Nbd7 5. Nbd2 e6 6. Nh4 Bg6 7. g3 Bd6 8. c4 c6 9. Bg2 O-O 10. Nxg6 fxg6 11. O-O e5 12. e3 g5 13. a3 g4 14. b4 Qe7 15. Qb3 Qf7 16. cxd5 cxd5 17. Nb1 e4 18. dxe4 Nxe4 19. Bxe4 dxe4 20. Qxf7+ Rxf7 21. Rd1 Be5 22. Bxe5 Nxe5 23. Nc3 Nf3+ 24. Kg2 Ng5 25. Rd4 Raf8 26. Ra2 Re8 27. Nb5 Rc8 28. Rd1 Ra8 29. Nd6 Re7 30. Nf5 Re5 31. Nd6 Re7 32. Rad2 Rf8 33. a4 h6 34. a5 Nh3 35. Rc1 Rd7 36. Rcc2 Nxf2 37. Nxe4 Rxd2 38. Nxd2 Nd3 39. Kg1 Nxb4 40. Rb2 1/2-1/2

[Event "Sparkassen-Open A"]
[Site "Heusenstamm, Martinsee"]
[Date "2025.11.23"]
[Round "6.86"]
[White "Wang, Simon"]
[Black "Arkhipenko, Denis"]
[Result "1/2-1/2"]
[WhiteElo "1824"]
[BlackElo "1804"]
[PlyCount "92"]
[EventDate "2025.11.20"]
[WhiteTeam "SF Dachau 1932 e.V."]
[BlackTeam "SC Heusenstamm"]

1. c4 Nf6 2. g3 g6 3. Bg2 Bg7 4. Nf3 O-O 5. O-O c6 6. Nc3 d5 7. cxd5 Nxd5 8. d4 Nd7 9. e4 Nxc3 10. bxc3 e5 11. Be3 f5 12. Qb3+ Kh8 13. exf5 Rxf5 14. Nxe5 Nxe5 15. dxe5 Rxe5 16. Rad1 Qe7 17. Bd4 Rb5 18. Bxg7+ Kxg7 19. Qc4 Bf5 20. Rfe1 Qf7 21. Qd4+ Kg8 22. Qh4 Be6 23. Rd8+ Rxd8 24. Qxd8+ Kg7 25. Qd4+ Kg8 26. a4 Rf5 27. Bh3 Rf6 28. Qd8+ Kg7 29. Bxe6 Rxe6 30. Rd1 Re7 31. Qd4+ Qf6 32. Qxa7 Qxc3 33. Kg2 Rf7 34. Qd4+ Qxd4 35. Rxd4 Kf6 36. f4 Ke6 37. Kf3 Rd7 38. Ke4 Rxd4+ 39. Kxd4 b6 40. g4 h5 41. h3 Kf6 42. Ke4 Ke6 43. Kd4 c5+ 44. Kc4 Kd6 45. Kb5 Ke6 46. Kc4 Kd6 1/2-1/2

[Event "Sparkassen-Open A"]
[Site "Heusenstamm, Martinsee"]
[Date "2025.11.23"]
[Round "6.87"]
[White "Kirchmann, Sascha"]
[Black "Spelleken, Mark"]
[Result "1/2-1/2"]
[WhiteElo "1890"]
[BlackElo "1745"]
[PlyCount "75"]
[EventDate "2025.11.20"]
[WhiteTeam "SAbt SU Mühlheim"]
[BlackTeam "SC Somborn 1933"]

1. e4 c5 2. c3 d6 3. d4 cxd4 4. cxd4 e6 5. Nc3 a6 6. Nf3 Nf6 7. Bd3 Be7 8. O-O O-O 9. Qe2 Nc6 10. Rd1 Qc7 11. Bg5 h6 12. Bh4 g5 13. Bg3 e5 14. Nd5 Nxd5 15. exd5 Nxd4 16. Nxd4 exd4 17. Rac1 Qd7 18. f3 f5 19. Bf2 Bf6 20. Bc4 Re8 21. Qd2 b5 22. Bb3 Qa7 23. Rc6 Be5 24. Bxd4 Bxd4+ 25. Qxd4 Qxd4+ 26. Rxd4 Rd8 27. Rd2 a5 28. a3 Rb8 29. Rdc2 f4 30. Rc1 a4 31. Ba2 Bf5 32. Bb1 Bxb1 33. Rxb1 b4 34. axb4 Rxb4 35. Ra6 Kf7 36. Re1 Rxb2 37. Ra7+ Kf8 38. Ree7 1/2-1/2

[Event "Sparkassen-Open A"]
[Site "Heusenstamm, Martinsee"]
[Date "2025.11.23"]
[Round "6.88"]
[White "Nguyen, Minh An"]
[Black "Lotz, Ralf"]
[Result "1-0"]
[WhiteElo "1768"]
[BlackElo "1889"]
[PlyCount "107"]
[EventDate "2025.11.20"]
[WhiteTeam "SV 1920 Hofheim"]
[BlackTeam "SC 1952 Obertshausen"]

1. d4 d5 2. Bf4 Nf6 3. e3 e6 4. Nf3 Bd6 5. Bg3 O-O 6. c3 c5 7. Nbd2 Nc6 8. Qc2 b6 9. Be2 Bb7 10. Ne5 Rc8 11. Nxc6 Bxc6 12. f4 Qc7 13. O-O Bb7 14. h3 cxd4 15. exd4 Ne4 16. Nxe4 dxe4 17. Bh2 g5 18. Qd2 Kh8 19. Qe3 Rg8 20. Kh1 Rg7 21. Rf2 Rcg8 22. g4 f5 23. Raf1 h5 24. fxg5 hxg4 25. Bxd6 Qxd6 26. g6 Rxg6 27. hxg4 Kg7 28. Rh2 Rh8 29. Rxh8 Kxh8 30. gxf5 exf5 31. Rxf5 Rh6+ 32. Qxh6+ Qxh6+ 33. Rh5 Kg7 34. Rxh6 Kxh6 35. Kg2 e3+ 36. Kg3 Kg5 37. Bd3 a5 38. c4 Ba8 39. a3 Bb7 40. b3 Ba8 41. d5 b5 42. Kf3 Kf6 43. Kxe3 bxc4 44. bxc4 Ke5 45. Be4 Bb7 46. d6 Bc8 47. c5 Bd7 48. c6 Bxc6 49. Bxc6 Kxd6 50. Bb5 Kc5 51. a4 Kd5 52. Kd3 Kc5 53. Ke4 Kb6 54. Kd4 1-0

[Event "Sparkassen-Open A"]
[Site "Heusenstamm, Martinsee"]
[Date "2025.11.23"]
[Round "6.89"]
[White "Rose, Torsten"]
[Black "Meyer-Kahlen, Stefan"]
[Result "1-0"]
[WhiteElo "1818"]
[BlackElo "1975"]
[PlyCount "115"]
[EventDate "2025.11.20"]
[WhiteTeam "SV Königsjäger Süd-West e.V."]
[BlackTeam "SC Erkrath 1973"]

1. d4 Nf6 2. c4 e6 3. Nc3 Bb4 4. e3 O-O 5. Bd3 d5 6. Nf3 dxc4 7. Bxc4 c5 8. Bd2 cxd4 9. Nxd4 a6 10. O-O e5 11. Nde2 Nc6 12. a3 Bc5 13. b4 Ba7 14. Qc2 Bg4 15. Ng3 Rc8 16. Bb3 Qd7 17. h3 Be6 18. Bxe6 Qxe6 19. Qb2 e4 20. Qa2 Qe5 21. Rac1 h5 22. Na4 h4 23. Bc3 Qg5 24. Bxf6 gxf6 25. Nxe4 Qg6 26. Nd6 Rc7 27. e4 Kh8 28. Kh1 Rg8 29. Rg1 Nxb4 30. Nxf7+ Rxf7 31. axb4 Rfg7 32. Qe2 Qe8 33. Nc5 Qe5 34. Nd3 Qb5 35. Qf3 Qg5 36. Nf4 Qe5 37. Nh5 Rg6 38. Nf4 R6g7 39. Qh5+ Qxh5 40. Nxh5 Rg5 41. Nxf6 R8g6 42. Ng4 Rb5 43. Rc4 Rgb6 44. Rc8+ Kg7 45. Rd1 Kf7 46. Rh8 Rxb4 47. Rdd8 R6b5 48. Rhf8+ Ke6 49. Rfe8+ Kf7 50. e5 Bc5 51. e6+ Kg6 52. e7 Bxe7 53. Rxe7 Rb1+ 54. Kh2 Rc5 55. Rd6+ Kg5 56. Rf6 Rcc1 57. Rg7+ Kh5 58. Rh6# 1-0

[Event "Sparkassen-Open A"]
[Site "Heusenstamm, Martinsee"]
[Date "2025.11.23"]
[Round "6.90"]
[White "Brehme, Ralf-Peter"]
[Black "Alt, Johannes"]
[Result "1/2-1/2"]
[WhiteElo "1923"]
[BlackElo "1836"]
[PlyCount "56"]
[EventDate "2025.11.20"]
[WhiteTeam "Vorw.Orient Mainz"]
[BlackTeam "Sfr.Heidesheim"]

1. f4 d5 2. Nf3 g6 3. e3 Bg7 4. c4 c6 5. cxd5 cxd5 6. d4 Nf6 7. Nc3 O-O 8. Bd3 Nc6 9. O-O Bf5 10. Ne5 e6 11. Nxc6 bxc6 12. b4 Qd6 13. Bxf5 gxf5 14. Bd2 Rfb8 15. a3 Ne4 16. Na4 Rb5 17. Nc5 Nxc5 18. bxc5 Qc7 19. a4 Rb7 20. a5 a6 21. Qc2 Rab8 22. Rfb1 Rb5 23. Rxb5 Rxb5 24. Bc3 Qb7 25. Ra2 Bf6 26. Rb2 Rxb2 27. Qxb2 Qxb2 28. Bxb2 Bd8 1/2-1/2

[Event "Sparkassen-Open A"]
[Site "Heusenstamm, Martinsee"]
[Date "2025.11.23"]
[Round "6.91"]
[White "Fröhlich-Dill, Astrid"]
[Black "Gundel, Julian"]
[Result "1-0"]
[WhiteElo "1815"]
[BlackElo "1894"]
[PlyCount "107"]
[EventDate "2025.11.20"]
[WhiteTeam "SV 1920 Hofheim"]
[BlackTeam "SV Königsspringer 1929 Großauhei"]

1. d4 g6 2. e4 Bg7 3. Nf3 c6 4. Bd3 d5 5. c3 dxe4 6. Bxe4 Nf6 7. Bc2 Bg4 8. Nbd2 a5 9. h3 Bxf3 10. Nxf3 Nbd7 11. O-O O-O 12. Re1 h6 13. Rb1 b5 14. Bf4 Nd5 15. Qd2 Kh7 16. Bh2 N7b6 17. Ne5 Rc8 18. Qd3 f5 19. g4 e6 20. Nxg6 Kxg6 21. Rxe6+ Kh7 22. gxf5 Nf6 23. Rbe1 Rg8 24. Bg3 Rh8 25. Kh2 a4 26. Rd6 Nbd7 27. Ree6 Rf8 28. Be5 Nxe5 29. dxe5 Qc7 30. exf6 Bxf6 31. Qe3 Qg7 32. Qg3 Rce8 33. Qxg7+ Bxg7 34. Rxc6 Rxe6 35. Rxe6 Rf6 36. Rxf6 Bxf6 37. f4 a3 38. bxa3 Bxc3 39. Bd3 Bb2 40. Bxb5 Bxa3 41. Kg3 Kg7 42. Be8 Bd6 43. a4 Be7 44. Kg4 Bd8 45. Kh5 Bc7 46. Bd7 Bxf4 47. a5 Be3 48. Kg4 Kf6 49. Kf3 Bc5 50. Ke4 Ke7 51. Kd5 Bd6 52. Kc6 Bb8 53. Be6 h5 54. a6 1-0

[Event "Sparkassen-Open A"]
[Site "Heusenstamm, Martinsee"]
[Date "2025.11.23"]
[Round "6.92"]
[White "Mehlen, Theodor"]
[Black "Schelhorn, Paul"]
[Result "0-1"]
[WhiteElo "1807"]
[BlackElo "1871"]
[PlyCount "100"]
[EventDate "2025.11.20"]
[WhiteTeam "SC Matt im Park Ffm"]
[BlackTeam "SF 1974 Heinsberg e."]

1. e4 d6 2. Nc3 Nf6 3. Bc4 g6 4. d3 Bg7 5. f4 O-O 6. Nf3 Nc6 7. O-O Na5 8. Bb3 e6 9. Qe1 a6 10. Ne2 Nxb3 11. axb3 Nd7 12. f5 exf5 13. exf5 Nb6 14. fxg6 fxg6 15. Bg5 Qe8 16. Qd2 Bxb2 17. Rae1 Bg7 18. Ng3 Qc6 19. c4 Bg4 20. Bh6 Qd7 21. Bxg7 Qxg7 22. Qg5 Bxf3 23. Re7 Qd4+ 24. Kh1 Bxg2+ 25. Kxg2 Rxf1 26. Nxf1 Rf8 27. Ne3 Qb2+ 28. Kh3 Qf6 29. Qxf6 Rxf6 30. Ng4 Rf3+ 31. Kh4 Kf8 32. Rxc7 Rf7 33. Rxf7+ Kxf7 34. Kg3 h5 35. Nf6 a5 36. Ne4 Nc8 37. h4 b6 38. Nc3 Ne7 39. Nb5 d5 40. Nc7 dxc4 41. dxc4 Nc6 42. Na8 Nd4 43. Nxb6 Nxb3 44. Na4 Nd4 45. c5 Nf3 46. Kf4 Nxh4 47. Nc3 Ke6 48. Ke4 Nf5 49. Nb5 Ng3+ 50. Kf4 Kd5 0-1

[Event "Sparkassen-Open A"]
[Site "Heusenstamm, Martinsee"]
[Date "2025.11.23"]
[Round "6.93"]
[White "Ellsiepen, Luca"]
[Black "Janknecht, Eckart"]
[Result "0-1"]
[WhiteElo "1866"]
[BlackElo "1823"]
[PlyCount "80"]
[EventDate "2025.11.20"]
[WhiteTeam "SK Marburg 1931/72"]
[BlackTeam "Kölner SK Dr. Lasker 186"]

1. e4 e5 2. Nf3 Nc6 3. Bc4 Nf6 4. Ng5 d5 5. exd5 Na5 6. Bb5+ c6 7. dxc6 bxc6 8. Qf3 Bd7 9. Bd3 h6 10. Ne4 Nd5 11. Ng3 g6 12. O-O Bg7 13. Re1 O-O 14. Nc3 Nb4 15. a3 Nxd3 16. Qxd3 Qc7 17. b4 Nb7 18. Bb2 Rad8 19. Qe2 Rfe8 20. d3 a5 21. Qf3 Rb8 22. Nge4 f5 23. Nd2 Nd8 24. Nc4 axb4 25. axb4 Ne6 26. Na2 Nd4 27. Bxd4 exd4 28. Reb1 Be6 29. Nd2 Bd5 30. Qg3 Qf7 31. Nc1 f4 32. Qg4 Re1+ 33. Nf1 h5 34. Qh4 f3 35. g3 Qf5 36. Nb3 g5 37. Nxd4 Bxd4 38. Qxh5 Bxf2+ 39. Kxf2 Re2+ 40. Kg1 f2# 0-1

[Event "Sparkassen-Open A"]
[Site "Heusenstamm, Martinsee"]
[Date "2025.11.23"]
[Round "6.94"]
[White "Eitel, Luc"]
[Black "Börsch, Dieter"]
[Result "1/2-1/2"]
[WhiteElo "1855"]
[BlackElo "1816"]
[PlyCount "50"]
[EventDate "2025.11.20"]
[WhiteTeam "SAbt SV Werder Bremen"]
[BlackTeam "SK Bad Homburg 1927"]

1. e4 c5 2. Nf3 d6 3. Bb5+ Bd7 4. Bxd7+ Qxd7 5. O-O Nc6 6. d4 cxd4 7. Nxd4 Nf6 8. Re1 g6 9. b3 Bg7 10. Bb2 O-O 11. c4 a6 12. Nc3 Qc7 13. Nd5 Nxd5 14. exd5 Na7 15. Qe2 Rfe8 16. h4 Qc5 17. Rad1 b5 18. cxb5 axb5 19. Nf3 b4 20. Bxg7 Kxg7 21. Qb2+ Qc3 22. Qb1 Nb5 23. Rc1 Qf6 24. Qd3 Nc3 25. a4 Ra5 1/2-1/2

[Event "Sparkassen-Open A"]
[Site "Heusenstamm, Martinsee"]
[Date "2025.11.23"]
[Round "6.95"]
[White "Rüll, Michael"]
[Black "Schellen, Sven"]
[Result "0-1"]
[WhiteElo "1785"]
[BlackElo "1822"]
[PlyCount "47"]
[EventDate "2025.11.20"]
[WhiteTeam "SC 1952 Obertshausen"]
[BlackTeam "SV Frankfurt Nord 1926"]

1. d4 d5 2. Nc3 Nf6 3. Bf4 g6 4. e3 Nh5 5. Bg3 c6 6. Be2 Ng7 7. Nf3 Nf5 8. Qd2 h5 9. h3 Nxg3 10. fxg3 Qc7 11. O-O-O Qxg3 12. Rdf1 Bf5 13. Ne5 f6 14. Rf3 Qxg2 15. Rhf1 Qg5 16. Nd3 Be4 17. Rf4 Bh6 18. Qe1 Qg2 19. Bf3 Qxh3 20. Rh4 Qc8 21. Nxe4 dxe4 22. Bxe4 f5 23. Bf3 Qe6 24. Ne5 0-1

[Event "Sparkassen-Open A"]
[Site "Heusenstamm, Martinsee"]
[Date "2025.11.23"]
[Round "6.96"]
[White "Winand, Edgar"]
[Black "Zekovic, Alija"]
[Result "1-0"]
[WhiteElo "1876"]
[BlackElo "2008"]
[PlyCount "93"]
[EventDate "2025.11.20"]
[WhiteTeam "SVKT Bad Camberg 2025"]
[BlackTeam "Dietzenbach"]

1. Nf3 d5 2. d4 Nc6 3. e3 a6 4. b3 Nf6 5. Nbd2 Bg4 6. Bb2 e6 7. a3 Bd6 8. h3 Bh5 9. Be2 O-O 10. Ne5 Bxe2 11. Qxe2 Ne7 12. O-O Ng6 13. f4 Ne4 14. Nxe4 dxe4 15. c4 b6 16. Rfd1 f6 17. Nxg6 hxg6 18. c5 Be7 19. Qc2 f5 20. cxb6 cxb6 21. Rdc1 g5 22. g3 gxf4 23. gxf4 Rf6 24. Kh2 Kf7 25. d5 Rh6 26. Rg1 Bf6 27. dxe6+ Kxe6 28. Qc6+ Kf7 29. Qc4+ Kf8 30. Qb4+ Kf7 31. Qc4+ Kf8 32. Bc3 Rc8 33. Bb4+ Rc5 34. Bxc5+ bxc5 35. Qxc5+ Kg8 36. Rad1 Qe8 37. Qxf5 Kh8 38. Rc1 Bd8 39. Rgd1 Rf6 40. Qd7 Qxd7 41. Rxd7 Bb6 42. Rc3 Re6 43. b4 a5 44. b5 Kh7 45. Rc6 Rxc6 46. bxc6 Bxe3 47. Kg3 1-0

[Event "Sparkassen-Open A"]
[Site "Heusenstamm, Martinsee"]
[Date "2025.11.23"]
[Round "7.1"]
[White "Bagrationi, Alexander"]
[Black "Hinrichs, Paul"]
[Result "1/2-1/2"]
[WhiteElo "2415"]
[BlackElo "2309"]
[PlyCount "23"]
[EventDate "2025.11.20"]
[WhiteTeam "SV Hemer 1932 e. V."]
[BlackTeam "Sfr.Heidesheim"]

1. d4 d5 2. c4 c6 3. Nf3 Nf6 4. Nc3 e6 5. g3 Nbd7 6. Bg2 dxc4 7. a4 Bb4 8. O-O O-O 9. Qc2 a5 10. Rd1 Qe7 11. Na2 Bd6 12. Qxc4 1/2-1/2

[Event "Sparkassen-Open A"]
[Site "Heusenstamm, Martinsee"]
[Date "2025.11.23"]
[Round "7.2"]
[White "Pajeken, Jakob Leon"]
[Black "Chassard, Cedric"]
[Result "1/2-1/2"]
[WhiteElo "2467"]
[BlackElo "2276"]
[PlyCount "83"]
[EventDate "2025.11.20"]
[WhiteTeam "SK Doppelbauer Kiel von 1910 e.V"]
[BlackTeam "TSV Schott Mainz"]

1. Nf3 d5 2. g3 c5 3. Bg2 g6 4. c4 d4 5. e3 Bg7 6. exd4 cxd4 7. d3 Nc6 8. O-O Nf6 9. Re1 O-O 10. Nbd2 Re8 11. a3 a5 12. Rb1 a4 13. Ne5 Nxe5 14. Rxe5 Nd7 15. Rb5 Ra5 16. Rxa5 Qxa5 17. b4 axb3 18. Rxb3 Qa4 19. Qf1 Nc5 20. Rb5 b6 21. Ne4 Qc2 22. Nxc5 bxc5 23. Be4 Bg4 24. Rb2 Qc3 25. Rb7 Qc2 26. Qe1 Bf5 27. Bxf5 gxf5 28. Qd2 Qc3 29. a4 h6 30. a5 Qa1 31. Rb2 Ra8 32. Ra2 Qb1 33. a6 Qb6 34. Qa5 Qb1 35. Qa3 e5 36. Kg2 e4 37. Bf4 exd3 38. a7 Bf6 39. Bb8 Bg5 40. Qb2 Qxb2 41. Rxb2 d2 42. Rb1 1/2-1/2

[Event "Sparkassen-Open A"]
[Site "Heusenstamm, Martinsee"]
[Date "2025.11.23"]
[Round "7.3"]
[White "Sydykov, Bayastan"]
[Black "Karsay, Pascal"]
[Result "1/2-1/2"]
[WhiteElo "2354"]
[BlackElo "2401"]
[PlyCount "42"]
[EventDate "2025.11.20"]
[WhiteTeam "SC Viernheim 1934 e.V."]
[BlackTeam "SV Worms 1878"]

1. e4 e5 2. Nf3 Nc6 3. Bb5 a6 4. Ba4 Nf6 5. O-O Be7 6. Re1 b5 7. Bb3 O-O 8. a4 Bb7 9. d3 d5 10. exd5 Nxd5 11. Nxe5 Nxe5 12. Rxe5 Qd6 13. Re1 Rae8 14. Nd2 Nf6 15. Ne4 Nxe4 16. dxe4 Qxd1 17. Rxd1 Bxe4 18. axb5 axb5 19. Be3 Ra8 20. Rxa8 Rxa8 21. f3 Bc6 1/2-1/2

[Event "Sparkassen-Open A"]
[Site "Heusenstamm, Martinsee"]
[Date "2025.11.23"]
[Round "7.4"]
[White "Baranyai-Molnar, Adam"]
[Black "Stork, Oliver"]
[Result "1/2-1/2"]
[WhiteElo "2227"]
[BlackElo "2347"]
[PlyCount "110"]
[EventDate "2025.11.20"]
[WhiteTeam "SF Neuberg"]
[BlackTeam "Klub Kölner SF e. V."]

1. e4 c5 2. Nf3 e6 3. d4 cxd4 4. Nxd4 Nf6 5. Nc3 Nc6 6. Be2 Qc7 7. O-O Be7 8. Be3 O-O 9. f4 d6 10. Bf3 Nxd4 11. Qxd4 e5 12. Qd3 a6 13. f5 b5 14. a4 b4 15. Ne2 Bb7 16. c4 bxc3 17. Nxc3 Rac8 18. Rfc1 Qc4 19. Qd2 Qb4 20. a5 Bc6 21. Nd5 Qb7 22. Nxf6+ Bxf6 23. Rc4 Be7 24. Rac1 Bb5 25. R4c3 h6 26. Qd5 Qxd5 27. exd5 Rxc3 28. Rxc3 e4 29. Bxe4 Bf6 30. Rb3 Re8 31. Bf3 Bxb2 32. Kf2 Be5 33. Be2 Bxe2 34. Kxe2 Bd4 35. Kf3 Bxe3 36. Rxe3 Re5 37. Rd3 Rxf5+ 38. Ke4 Rf2 39. Rb3 f5+ 40. Ke3 Rxg2 41. Rb6 Ra2 42. Rxa6 Kf7 43. Rxd6 Rxa5 44. Kf4 Ra2 45. h4 Ra4+ 46. Kxf5 Rxh4 47. Rd7+ Kf8 48. Ra7 Rd4 49. Ra8+ Kf7 50. Ra7+ Kf8 51. Ra8+ Ke7 52. Ra7+ Kd6 53. Rxg7 Rxd5+ 54. Kg6 Rg5+ 55. Kxh6 Rxg7 1/2-1/2

[Event "Sparkassen-Open A"]
[Site "Heusenstamm, Martinsee"]
[Date "2025.11.23"]
[Round "7.5"]
[White "Papadopoulos, Ioannis"]
[Black "Poetsch, Hagen"]
[Result "0-1"]
[WhiteElo "2240"]
[BlackElo "2456"]
[PlyCount "58"]
[EventDate "2025.11.20"]
[WhiteTeam "SV Oberursel"]
[BlackTeam "SC Heusenstamm"]

1. e4 c5 2. Nf3 d6 3. d4 cxd4 4. Nxd4 Nf6 5. Nc3 Nc6 6. f3 e5 7. Nb3 Be7 8. Be3 O-O 9. Qd2 Be6 10. O-O-O a5 11. Bb5 Nb4 12. a3 Qc7 13. Kb1 d5 14. axb4 d4 15. Nxd4 exd4 16. Qxd4 axb4 17. Na4 Ra5 18. Qd3 Qe5 19. c4 bxc3 20. Nxc3 Bb3 21. Bb6 Raa8 22. Rd2 Qe6 23. Qd4 Rfc8 24. Rd3 Ba2+ 25. Kc1 Qb3 26. Qe5 Ba3 27. bxa3 Bb1 28. Kd2 Bxd3 29. Kxd3 Rxc3+ 0-1

[Event "Sparkassen-Open A"]
[Site "Heusenstamm, Martinsee"]
[Date "2025.11.23"]
[Round "7.6"]
[White "Mastiuk, Ivan"]
[Black "Helmer, Jan"]
[Result "1/2-1/2"]
[WhiteElo "1828"]
[BlackElo "2239"]
[PlyCount "79"]
[EventDate "2025.11.20"]
[WhiteTeam "SK 1858 Gießen"]
[BlackTeam "HSK Lister Turm"]

1. d4 d5 2. c4 c6 3. Nf3 Nf6 4. Nc3 e6 5. Bg5 Nbd7 6. e3 Qa5 7. Nd2 dxc4 8. Bxf6 Nxf6 9. Nxc4 Qc7 10. Bd3 Be7 11. O-O O-O 12. Rc1 Rd8 13. Qe2 c5 14. dxc5 Qxc5 15. Ne4 Nxe4 16. Bxe4 Qb5 17. Rfd1 Bd7 18. Qf3 Rac8 19. b3 f5 20. Bb1 Qc6 21. Qxc6 Bxc6 22. Ne5 Rxd1+ 23. Rxd1 Be8 24. Bd3 Rd8 25. Kf1 Bf6 26. Nc4 b5 27. Na5 Bc3 28. Nb7 Rd5 29. Be2 Rxd1+ 30. Bxd1 Bb4 31. Bf3 Be7 32. Na5 b4 33. Nc6 Bc5 34. Ke2 g5 35. h3 h5 36. g3 g4 37. hxg4 hxg4 38. Bg2 Kf8 39. Kd3 Bxc6 40. Bxc6 1/2-1/2

[Event "Sparkassen-Open A"]
[Site "Heusenstamm, Martinsee"]
[Date "2025.11.23"]
[Round "7.8"]
[White "Browning, Alex"]
[Black "Hoppstädter, Daniel"]
[Result "0-1"]
[WhiteElo "2283"]
[BlackElo "2214"]
[PlyCount "74"]
[EventDate "2025.11.20"]
[WhiteTeam "SG Porz e. V."]
[BlackTeam "SV 1926 Riegelsberg"]

1. c4 c6 2. Nf3 d5 3. g3 Nf6 4. Bg2 e6 5. O-O Nbd7 6. Qc2 b6 7. cxd5 cxd5 8. Qc6 Rb8 9. d4 Bb7 10. Qa4 a6 11. Bf4 Rc8 12. Nbd2 Be7 13. Qb3 O-O 14. Rfc1 h6 15. Ne5 Nxe5 16. dxe5 Nd7 17. Nf3 Bc5 18. Qd3 b5 19. Be3 Qb6 20. Bxc5 Rxc5 21. Rxc5 Qxc5 22. e3 Rc8 23. Qd4 Qc7 24. Bf1 Qb8 25. Bd3 Rc7 26. Kg2 Nc5 27. Bc2 Ba8 28. h4 Ne4 29. Bd3 Qb7 30. g4 Rc4 31. Bxc4 dxc4 32. Rg1 Nc3 33. bxc3 Qxf3+ 34. Kf1 Be4 35. Rg3 Qh1+ 36. Ke2 Bd3+ 37. Kd2 Qf1 0-1

[Event "Sparkassen-Open A"]
[Site "Heusenstamm, Martinsee"]
[Date "2025.11.23"]
[Round "7.9"]
[White "Hötte, Philipp"]
[Black "Panjer, Sidney"]
[Result "1/2-1/2"]
[WhiteElo "2087"]
[BlackElo "2287"]
[PlyCount "39"]
[EventDate "2025.11.20"]
[WhiteTeam "LSV Turm Lippstadt"]
[BlackTeam "Krefelder SK Turm 1851 e"]

1. Nf3 d5 2. g3 Nf6 3. Bg2 e6 4. O-O Be7 5. d3 O-O 6. Nc3 d4 7. Ne4 Nxe4 8. dxe4 c5 9. e3 Nc6 10. exd4 cxd4 11. e5 Rb8 12. Re1 b5 13. h4 Bb7 14. Ng5 Nb4 15. Qh5 Bxg5 16. Bxg5 Qe8 17. Bxb7 Rxb7 18. Bf6 gxf6 19. Qh6 f5 20. Qg5+ 1/2-1/2

[Event "Sparkassen-Open A"]
[Site "Heusenstamm, Martinsee"]
[Date "2025.11.23"]
[Round "7.10"]
[White "Hagner, Bennet"]
[Black "Vranckx, Oscar"]
[Result "1-0"]
[WhiteElo "2461"]
[BlackElo "2073"]
[PlyCount "95"]
[EventDate "2025.11.20"]
[WhiteTeam "OSG Baden-Baden"]
[BlackTeam "Sfr.Mainz 1928"]

1. e4 e6 2. d4 d5 3. Nc3 Nf6 4. e5 Nfd7 5. f4 c5 6. Nf3 Nc6 7. Be3 Be7 8. Qd2 a6 9. dxc5 Nxc5 10. h4 b5 11. Qf2 b4 12. Bxc5 bxc3 13. b3 Qa5 14. Bxe7 Nxe7 15. Bd3 Bd7 16. a4 Nc6 17. h5 h6 18. Rd1 Qb4 19. Rh4 Qe7 20. g4 Nb4 21. g5 Rc8 22. Ke2 Bc6 23. Qd4 Bb7 24. gxh6 gxh6 25. Rg4 a5 26. Rdg1 Qc5 27. f5 Nxd3 28. Kxd3 Ba6+ 29. Ke3 exf5 30. Rg8+ Rxg8 31. Rxg8+ Ke7 32. Qxc5+ Rxc5 33. Nd4 Bc8 34. Rh8 Bd7 35. Rxh6 Rc8 36. Ra6 Rg8 37. Rxa5 Rg3+ 38. Kf2 Rh3 39. Rxd5 Rxh5 40. a5 Rh2+ 41. Kg3 Rh1 42. a6 Rg1+ 43. Kf2 Ra1 44. Rd6 Ra5 45. b4 Rxe5 46. a7 Kxd6 47. a8=Q Re4 48. Qf8+ 1-0